Método del impuesto diferido : en el marco de los estados contables ajustados por inflación /
Guardado en:
| Autor Principal: | |
|---|---|
| Formato: | Libro |
| Idioma: | Spanish |
| Publicado: |
Buenos Aires :
Osmar D. Buyatti Librería Editorial,
2020.
|
| Materias: | |
| Etiquetas: |
Agregar Etiqueta
Sin Etiquetas, Sea el primero en etiquetar este registro!
|
| LEADER | 00973nam a22002175a 4500 | ||
|---|---|---|---|
| 001 | EAD.ead004607 | ||
| 008 | 221014s2020####ag#######b####000#0#spa#d | ||
| 005 | 20221014143250.0 | ||
| 245 | 1 | 0 | |a Método del impuesto diferido : |b en el marco de los estados contables ajustados por inflación / |c Carlos Federico Torres. |
| 260 | |a Buenos Aires : |b Osmar D. Buyatti Librería Editorial, |c 2020. | ||
| 300 | |a 153 p. ; |c 23 cm. | ||
| 505 | 0 | |a Cuestiones generales y particulares -- Otros aspectos inherentes al método -- Tratamiento contable del AXL practicado a los fines impositivos -- Prácticas para el segundo ejercicio y siguientes. | |
| 504 | |a Incluye referencias bibliográficas. | ||
| 020 | |a 9789877161328 | ||
| 100 | 1 | |a Torres, Carlos Federico. | |
| 082 | 0 | 4 | |a 657.48 |2 21 |
| 650 | 7 | |a Estados contables. |2 isoc | |
| 650 | 7 | |a Inflación. |2 unbist | |
| 650 | 7 | |a Ajuste contable. |2 isoc | |
| 653 | |a Impuesto diferido | ||
| 859 | |a AR-BaBDC |b BIB. ADMINISTRACION - Libros |h 657.48 |i T636 |p b07337 | ||
